Modern husbandry (Record no. 113922)
[ view plain ]
| 000 -LEADER | |
|---|---|
| fixed length control field | 00524cam a22001815a 4500 |
| 001 - CONTROL NUMBER | |
| control field | L155922 |
| 008 - FIXED-LENGTH DATA ELEMENTS--GENERAL INFORMATION | |
| fixed length control field | 120423s1853 xxk f 000 0 eng d |
| 035 ## - SYSTEM CONTROL NUMBER | |
| System control number | (Sirsi) u155922 |
| 041 0# - LANGUAGE CODE | |
| Language code of text/sound track or separate title | eng |
| 100 1# - MAIN ENTRY--PERSONAL NAME | |
| Personal name | Andrews, George Henry |
| Dates associated with a name | 1816-1898 |
| 245 00 - TITLE STATEMENT | |
| Title | Modern husbandry |
| 260 ## - PUBLICATION, DISTRIBUTION, ETC. | |
| Place of publication, distribution, etc. | London |
| Name of publisher, distributor, etc. | N. Cook |
| Date of publication, distribution, etc. | 1853 |
| 300 ## - PHYSICAL DESCRIPTION | |
| Extent | x, 404 p. |
| Other physical details | illus., 7 pl. (incl. front.) fold. plan |
| Dimensions | 22 cm. |
| 583 ## - ACTION NOTE | |
| Action | Condition reviewed |
| Time/date of action | 20120620 |
| Status | condition level 1 |
| 651 #4 - SUBJECT ADDED ENTRY--GEOGRAPHIC NAME | |
| Geographic name | Great Britain |
| Chronological subdivision | 1707- |
| 690 ## - LOCAL SUBJECT ADDED ENTRY--TOPICAL TERM (OCLC, RLIN) | |
| Topical term or geographic name as entry element | Rural |
| 9 (RLIN) | 6268 |
| 942 ## - ADDED ENTRY ELEMENTS (KOHA) | |
| Suppress in OPAC | 0 |
| Withdrawn status | Lost status | Damaged status | Not for loan | Home library | Current library | Shelving location | Date acquired | Total Checkouts | Full call number | Barcode | Date last seen | Copy number | Price effective from | Koha item type |
|---|---|---|---|---|---|---|---|---|---|---|---|---|---|---|
| Historic collection | Historic collection | Historic collection | 23/04/2012 | HUSBANDRY OCTAVO 1853 ANDREWS | 30076810 | 27/08/2025 | 1 | 06/08/2019 | Book |